000 00469cam a2200205ua 4500
001 9731
005 20260515114521.0
008 160812n ii |||gr||||Z||||||asm
040 _cMAIN
041 _aasm
082 _a001
100 _aDas, Anupama,
_eCompiler.
245 _aSangbad saphura
_cby Anupama Das
250 _a1st ed.
260 _aGuwahati:
_bBanalata,
_c2010.
300 _a202p.
653 _aKnowledge
653 _aUnparalled events
942 _cBK
999 _c8736
_d8736